| 000 | 00878nas a2200277 4500 | ||
|---|---|---|---|
| 001 | BR9804606 | ||
| 003 | BR-BrBNA | ||
| 005 | 20231205101112.0 | ||
| 007 | ta | ||
| 008 | 230509b bl.|||p| |||| 00| 00por d | ||
| 040 |
_aBR-BrBNA _bpor _cBiblioteca Nacional de Agricultura |
||
| 041 | _a(Pt) | ||
| 072 | _aF02 | ||
| 100 | 1 | _aMoreira, M.A. | |
| 100 | 1 | _aPasqual, M. | |
| 100 | 1 | _aCarvalho, G.R. | |
| 100 | 1 | _aMayer, M.D.B. | |
| 245 | 1 | _aEfeito do acido indolbutirico e tempo de incubacao na aclimatizacao de brotos obtidos "in vitro" do porta-enxerto Citrus sunki Hort ex Tan. | |
| 650 | _aFruta Citrica | ||
| 650 | _aAcido Indolbutirico | ||
| 650 | _aBrotacao | ||
| 650 | _aPorta Enxerto | ||
| 773 | 0 |
_tRevista Ceres (Brazil) _xISSN 0034-737X _g(Mar-Apr 1998), v. 45(258) p. 153-160 _wBR9804606 |
|
| 909 |
_a202311 _bLúcia _c55 _dLúcia Elande |
||
| 942 |
_2AGRIS _n0 _cANA |
||
| 999 |
_c159730 _d159730 |
||